000 00635nam a2200157 a 4500
008 120416s1967 ||||||||||||||||| || u
050 _aHG 4538 Adl
100 _aKuznets, Paul W
245 1 0 _aCapital movements and economic development
_cedited by John Hans Adler
246 _aproceedings of a conference held by the International Economic Association
260 _aLondon
_bMacmillan
_c1967
300 _axxxiv, 497p. : ill.
350 _a0.00
700 _aAdler, John Hans
995 _D0.00
_FCBU-MAIN LIBRARY (Kitwe)
_H1
_I0.00
_M1
_UAVAILABLE
_ZAnnex Low-Usage Collection
999 _c36724
_d36724